| 000 | 00583nam a22002171 4500 | ||
|---|---|---|---|
| 001 | bimo0001804487 | ||
| 003 | OSt | ||
| 005 | 20130712110601.0 | ||
| 008 | 020909s1973 sp spa | ||
| 017 |
_aM 37877-1973 _bOficina Depósito Legal Madrid |
||
| 020 | _a84-239-1550-6 | ||
| 035 | _a(OCoLC)433258435 | ||
| 040 |
_aSpMaBN _cBMC |
||
| 082 | _a864.56 | ||
| 100 |
_97 _aUnamuno, Miguel de _d1864-1936 |
||
| 245 | 1 | 0 |
_aDe esto y de aquello _cMiguel de Unamuno |
| 260 | 0 |
_aMadrid _bEspasa-Calpe _c1973 |
|
| 300 |
_a151 p. _c18 cm |
||
| 490 | 0 |
_aAustral _v1550 |
|
| 942 |
_2ddc _cBK |
||
| 999 |
_c692 _d692 |
||